[Event "KAZ-ch qual"]
[Site "Astana"]
[Date "2012.02.25"]
[Round "5"]
[White "Kozganbay, Erkin"]
[Black "Ibragimov, Adilbek"]
[Result "1-0"]
[WhiteElo "2249"]
[BlackElo "2054"]
[PlyCount "65"]
[EventDate "2012.02.21"]
[EventType "swiss"]
[EventRounds "9"]
[EventCountry "KAZ"]
[SourceTitle "EXT 2014"]
[Source "ChessBase"]
[SourceDate "2013.11.20"]
[SourceVersion "1"]
[SourceVersionDate "2013.11.20"]
[SourceQuality "1"]

1. e4 c5 2. Nf3 d6 3. d4 cxd4 4. Nxd4 Nf6 5. Nc3 h6 6. Be3 a6 7. f3 e5 8. Nde2 Be6 9. Qd2 b5 10. Nd5 Nxd5 11. exd5 Bf5 12. a4 Bd7 13. axb5 Bxb5 14. b3 f5 15. c4 Bd7 16. b4 Qh4+ 17. Bf2 Qxc4 18. Rc1 Qb3 19. Ng3 Be7 20. Bc4 Qa3 21. h4 a5 22. b5 0-0 23. Ke2 Qa4 24. Qd3 e4 25. fxe4 fxe4 26. Nxe4 Bg4+ 27. Kd2 Nd7 28. Bd4 Rac8 29. Qb3 Qxb3 30. Bxb3 Rxc1 31. Rxc1 Bxh4 32. Rc6 Rb8 33. Nxd6 1-0